Statistieken voor 2014 - Jaaroverzicht

Klik hier om de quiz te nemen!

Algemene statistieken

  • Deze quiz is 17 keer genomen
  • De gemiddelde score is 12 van 20

Antwoordstatistieken

BeschrijvingAntwoord% Correct
Deze Spaanse regio houdt een onafhankelijkheidsreferendumCatalonië
92%
Islamitische groepering die delen van Irak en Syrië overnam{Islamitische} Staat
92%
Nieuwe president van TurkijeRecep Tayyip Erdoğan
92%
Challenge om geld in te zamelen voor ALS{Ice} {Bucket} Challenge
83%
Organisator van het WK voetbalBrazilië
75%
Land die dat WK wonDuitsland
75%
Artiest die "Happy" uitbrachtPharrell Williams
75%
Deze ziekte brak uit in West-AfrikaEbola
67%
Artiest die "Dark Horse" uitbrachtKaty Perry
67%
Land waar de stad in ligtRusland
67%
Artiest die "Shake it off" uitbrachtTaylor Swift
67%
Herverkozen president van dat landVladimir Poetin
67%
Deze dienst werd in vele landen verboden vanwege het niet naleven van de taxiregelsUber
58%
Peninsula geannexeerd door dat landKrim
50%
Land waar Boko Haram enkele kinderen ontvoerdNigeria
50%
Paraplurevolutie die de democratie in deze Aziatische stad ondersteuntHong Kong
42%
Nieuwe koning van SpanjeFelipe VI
33%
"Land" dat een onafhankelijkheidsreferendum hield, maar er werd "tegen" gestemdSchotland
33%
Gaststad van de Olympische WinterspelenSochi
25%
"Rosetta" is de eerste sonde die kan landen op ditKomeet
0%

Scoreverdeling

Percentiel versus Aantal Correcte Antwoorden

Procent van Mensen met Elke Score

Uw Scoregeschiedenis

U heeft deze quiz nog niet genomen